Statistiques concernant Paroles : Colonel Reyel - Celui

Cliquez ici pour prendre le quiz!

Statistiques générales

  • Ce quiz a été pris 3 741 fois
    (3 689 depuis la dernière actualisation)
  • Le résultat moyen est 278 sur 414

Statistiques - réponses

Réponses% Correct
A
98%
à
98%
ce
98%
qui
97%
ta
97%
te
97%
Te
97%
tu
97%
Tu
97%
celui
96%
Celui
96%
partage
96%
vie
96%
et
95%
95%
la
95%
moi
95%
ma
94%
etre
92%
Je
92%
je
92%
que
92%
Laisse
91%
se
90%
ou
89%
Le
88%
le
88%
pas
88%
verras
88%
chance
87%
de
87%
De
87%
me
87%
ne
87%
confies
85%
dans
85%
nuit
85%
lui
84%
Au
83%
es
83%
my
82%
toi
82%
Oui
81%
ça
79%
mieux
78%
saura
77%
serai
77%
un
77%
Un
77%
comprendre
76%
donne
76%
donné
76%
Donne
76%
lit
76%
tete
76%
avec
75%
girl
75%
Mais
75%
mes
74%
Nul
74%
ton
73%
jour
72%
pensé
72%
pire
72%
pour
72%
lève
69%
soin
69%
heures
68%
Passer
68%
prendre
68%
quelques
68%
pensées
67%
c'est
66%
veux
66%
hantes
65%
meme
65%
n'en
65%
sortirai
65%
écoute
64%
inerte
64%
saurai
63%
dire
62%
Aussitot
61%
sur
61%
tel
61%
une
61%
as
59%
malhonnete
58%
tiens
58%
copain
56%
peux
56%
ressens
56%
Car
55%
net
55%
t'imagine
54%
dingue
53%
il
53%
mon
53%
serait
53%
truc
53%
Faut
52%
faut
52%
telle
52%
mot
51%
mettre
50%
détourner
49%
les
49%
marionette
49%
seras
49%
y
48%
controles
47%
faire
44%
fleur
44%
jamais
44%
rien
44%
Tellement
44%
vraiment
44%
bleue
43%
style
43%
j'en
42%
n'est
42%
Pourquoi
42%
qu'un
42%
réactions
42%
sexe
42%
amour
41%
arriverai
41%
en
41%
monde
41%
prime
41%
ainsi
40%
dis
40%
J'aurais
40%
des
39%
cela
37%
Non
37%
l'exprime
35%
t'il
34%
tourne
33%
sincère
32%
Tes
32%
Donc
30%
estime
30%
ci
29%
compagne
26%
J'ai
26%
sous
26%
suffit
26%
interdits
25%
Maroc
25%
n'ai
25%
On
25%
Ouais
25%
ouais
25%
brave
24%
champagne
24%
encore
24%
reste
24%
sois
24%
terre
23%
Doc
22%
Sylvia
22%
comme
21%
couette
21%
Deux
21%
L'Espagne
21%
perdues
21%
redescende
21%
Brésil
20%
calin
20%
l'épargne
20%
pète
20%
t'accompagne
20%
bisous
19%
campagne
19%
Miami
19%
t'exprime
19%
trois
19%
charme
18%
gynéco
18%
Mesrine
18%
Celle
16%
coquine
16%
école
16%
Reyel
16%
chose
14%
limite
14%
T'inquiète
14%
Docteur
13%
étudié
13%
exotique
13%
problèmes
13%
Qu'on
13%
selon
13%
Sensuellement
13%
timing
13%
doctrine
12%
fonds
12%
Kim
12%
pagne
12%
voyages
12%
Copine
11%
époque
11%
né-co
11%
PAM
11%
ultime
11%
cesse
10%
fasse
10%
grande
10%
profiter
10%
frime
9%
purs
8%
guadeloupéennes
7%
votre
7%
jette
5%
basse
4%
dial
3%

Distribution des résultats

Percentile par nombre de réponses

% des personnes avec chaque résultat

Votre développement - résultats

Vous n’avez pas pris ce quiz depuis la dernière actualisation